00360nam a2200121Ia 4500008004100000082002200041100002700063245011000090260001100200260001000211260000900221365000800230180713s9999 xx 000 0 und d aT28 D2  a"Dakshinamoorthy, A " 0aIngurunooru  aMadras b NCBH c2004 b400